|
|
|
|
| LEADER |
00000nam0a2200000 4500 |
| 001 |
353943 |
| 005 |
20231102010637.0 |
| 035 |
|
|
|a (RuTPU)RU\TPU\retro\11201
|
| 090 |
|
|
|a 353943
|
| 100 |
|
|
|a 20200608d1972 m y0rusy50 ca
|
| 101 |
0 |
|
|a rus
|
| 102 |
|
|
|a RU
|
| 105 |
|
|
|a a j 001zy
|
| 200 |
1 |
|
|a Элементы теории колебаний
|e учебно-методическое пособие
|f М. Е.. Блинников, В. В. Козырев, В. И. Сафронов, М. Г. Григорьев
|g Ивановский энергетический институт ; под ред. М. Е. Блинникова
|
| 210 |
|
|
|a Иваново
|a Владимир
|c Изд-во ИЭИ
|d 1972
|
| 215 |
|
|
|a 224 с.
|c ил.
|
| 320 |
|
|
|a Библиогр.: с. 222
|
| 606 |
1 |
|
|a Колебания, теория
|2 stltpush
|3 (RuTPU)RU\TPU\subj\14673
|9 41031
|
| 610 |
1 |
|
|a учебные пособия
|
| 610 |
1 |
|
|a методические пособия
|
| 610 |
1 |
|
|a линейные колебания
|
| 610 |
1 |
|
|a свободные колебания
|
| 610 |
1 |
|
|a собственные колебания
|
| 610 |
1 |
|
|a вынужденные колебания
|
| 610 |
1 |
|
|a нелинейные колебания
|
| 610 |
1 |
|
|a автоколебания
|
| 610 |
1 |
|
|a колебательные процессы
|
| 610 |
1 |
|
|a расчеты на ЭВМ
|
| 675 |
|
|
|a 534.01(075.8)
|v 4
|
| 701 |
|
1 |
|a Блинников
|b М. Е..
|g Михатл Ефимович
|
| 701 |
|
1 |
|a Козырев
|b В. В.
|g Вячеслав Васильнвич
|
| 701 |
|
1 |
|a Сафронов
|b В. И.
|g Владимир Иосифович
|
| 701 |
|
1 |
|a Григорьев
|b М. Г.
|g Михаил Григорьевич
|
| 702 |
|
1 |
|a Блинников
|b М. Е.
|4 340
|
| 712 |
0 |
2 |
|a Ивановский энергетический институт
|c (1930-1992)
|2 stltpush
|3 (RuTPU)RU\TPU\col\6341
|9 24234
|
| 801 |
|
1 |
|a RU
|b 63413507
|c 20200608
|
| 801 |
|
2 |
|a RU
|b 63413507
|c 20201209
|g RCR
|
| 942 |
|
|
|c BK
|